000 00599nam a2200229Ia 4500
003 OSt
005 20220924133147.0
006 a|||||r|||| 00| 0
007 ta
008 220923b |||||||| |||| 00| 0 tam d
024 _a258469
037 _cTextual
040 _aARTS
_cARTS
_btam
041 _2tam
_atam
082 _aO31:g(Y15), P31
100 _aPalaniyappan M
_9205757
245 0 _aPenniya vaasippum pennetuthu thiranayuum
260 _c2003
650 _aTAMIL LITERATURE
942 _hO31:g(Y15), P31
_cTEXL
_2CC
999 _c432785
_d432785